ბათუმის შოთა რუსთაველის სახელმწიფო უნივერსიტეტის ბიბლიოთეკა

Геометрия геодезических (ბიბ.ჩანაწერი № 48080)

000 -LEADER
fixed length control field 00621nam a2200217Ia 4500
001 - CONTROL NUMBER
control field 14960
003 - CONTROL NUMBER IDENTIFIER
control field GE_BSU
008 - FIXED-LENGTH DATA ELEMENTS--GENERAL INFORMATION
fixed length control field 181216s||||||||xx |||||||||||||| ||und||
040 ## - CATALOGING SOURCE
Transcribing agency GE_BSU
080 ## - UNIVERSAL DECIMAL CLASSIFICATION NUMBER
Universal Decimal Classification number 514
100 ## - MAIN ENTRY--PERSONAL NAME
Personal name Буземан,Г.
245 ## - TITLE STATEMENT
Title Геометрия геодезических
245 ## - TITLE STATEMENT
Statement of responsibility, etc. Пер. с англ. М.З.Каинера Под. ред. И.М.Яглома
260 ## - PUBLICATION, DISTRIBUTION, ETC.
Place of publication, distribution, etc. Москва
260 ## - PUBLICATION, DISTRIBUTION, ETC.
Name of publisher, distributor, etc. Госиздат
260 ## - PUBLICATION, DISTRIBUTION, ETC.
Date of publication, distribution, etc. 1962
300 ## - PHYSICAL DESCRIPTION
Extent 503стр.22см.
300 ## - PHYSICAL DESCRIPTION
Accompanying material Библиогр. стр.492
653 ## - INDEX TERM--UNCONTROLLED
Uncontrolled term Геометрия геодезических
942 ## - ADDED ENTRY ELEMENTS (KOHA)
Koha item type წიგნი
ეგზემპლარები
Withdrawn status Lost status Damaged status Not for loan Date acquired Barcode Date last seen Price effective from Koha item type
        2018-12-17 17214 2018-12-17 2018-12-17 წიგნი
        2018-12-17 17732 2018-12-17 2018-12-17 წიგნი
        2018-12-17 17733 2018-12-17 2018-12-17 წიგნი
        2018-12-17 17734 2018-12-17 2018-12-17 წიგნი